Estatísticas para Cultura Geral

Clique aqui para jogar o quiz

Estatísticas Gerais

  • Esse quiz foi jogado 23 vezes
  • A pontuação média é 5 de 15

Estatísticas das Respostas

HintResposta% Correto
Quantas vezes a França ganhou a Copa do Mundo da FIFA masculina?2
95%
A que país pertence a marca Havaianas?Brasil
80%
Qual é o pH da água?7
70%
Em que continente surgiu o limão?Ásia
70%
Que país tem a forma de uma lágrima?Sri Lanka
35%
O monumento mais famoso de qual país é possivelmente o "Manneken Pis", uma pequena estátua de cerca de 61 centímetros de altura de um menino fazendo xixi em uma fonte?Bélgica
25%
O que são Casper e Slimer?Fantasmas
25%
Que apresentadora de televisão é casado com Portia de Rossi?Ellen Degeneres
15%
Qual é a bacia hidrográfica mais populosa do mundo?Ganges
15%
Qual é o principal aeroporto de Londres?Heathrow
15%
Geograficamente, qual cidade francesa está mais próxima da Inglaterra?Calais
10%
Quais regiões da cidade incluem Kowloon e os Novos Territórios?Hong Kong
10%
Em que cidade você encontraria a Bourbon Street?Nova Orleans
10%
Em que party game você pode ouvir a frase "Right Foot Blue"?Twister
10%
Que bombons são esféricos e consistem num miolo esponjoso de caramelo maltado coberto por chocolate de leite?Maltesers
5%

Distribuição das Pontuações

Percentil de Números Respondidos

Porcentagem de Pessoas com Cada Pontuação

Sua Pontuação Histórica

Você não jogou esse quiz